[Event "Cagliari Alfa Lum op 3rd"]
[Site "Cagliari"]
[Date "2012.08.31"]
[Round "2"]
[White "Mallo, Danilo"]
[Black "Dessy, Eugenio"]
[Result "1-0"]
[WhiteElo "1926"]
[BlackElo "1658"]
[PlyCount "55"]
[EventDate "2012.08.31"]
[EventType "swiss"]
[EventRounds "6"]
[EventCountry "ITA"]
[SourceTitle "EXT 2014"]
[Source "ChessBase"]
[SourceDate "2013.11.20"]
[SourceVersion "1"]
[SourceVersionDate "2013.11.20"]
[SourceQuality "1"]

1. Nf3 Nf6 2. g3 g6 3. Bg2 Bg7 4. 0-0 0-0 5. d4 d6 6. c4 Nbd7 7. Nc3 Re8 8. Qc2 Rb8 9. Rd1 c6 10. e4 Qc7 11. h3 e5 12. Be3 exd4 13. Bxd4 Nc5 14. e5 Bf5 15. Qc1 Nfe4 16. Nxe4 Nxe4 17. exd6 Nxd6 18. Bxg7 Kxg7 19. Qf4 Rbd8 20. Rd4 Qe7 21. Re1 Qf6 22. Red1 Re4 23. Rxe4 Nxe4 24. Rxd8 Qxd8 25. g4 Qd1+ 26. Kh2 Nxf2 27. gxf5 Nd3 28. f6+ 1-0

[Event "Sardegna Region-ch"]
[Site "Capoterra"]
[Date "2012.05.26"]
[Round "4"]
[White "Altea, Alessandro"]
[Black "Dessy, Eugenio"]
[Result "1-0"]
[WhiteElo "1846"]
[BlackElo "1662"]
[PlyCount "43"]
[EventDate "2012.05.19"]
[EventType "swiss"]
[EventRounds "6"]
[EventCountry "ITA"]
[SourceTitle "EXT 2014"]
[Source "ChessBase"]
[SourceDate "2013.11.20"]
[SourceVersion "1"]
[SourceVersionDate "2013.11.20"]
[SourceQuality "1"]

1. e4 e5 2. Nc3 Nf6 3. Bc4 Nc6 4. d3 Bb4 5. Nge2 h6 6. a3 Ba5 7. 0-0 0-0 8. Nd5 d6 9. Nxf6+ Qxf6 10. f4 Bb6+ 11. Kh1 Qh4 12. f5 Nd4 13. Nxd4 Bxd4 14. Rf3 c6 15. c3 b5 16. Rh3 Qf6 17. Ba2 Bb6 18. Qg4 d5 19. Bxh6 dxe4 20. dxe4 Re8 21. Bg5 Qd6 22. Qh5 1-0

[Event "Sardegna Region-ch"]
[Site "Sardara"]
[Date "2011.05.28"]
[Round "5"]
[White "Serra, Emanuele"]
[Black "Dessy, Eugenio"]
[Result "1-0"]
[WhiteElo "1786"]
[BlackElo "1679"]
[PlyCount "79"]
[EventDate "2011.05.23"]
[EventType "swiss"]
[EventRounds "8"]
[EventCountry "ITA"]
[SourceTitle "EXT 2023"]
[Source "ChessBase"]
[SourceDate "2022.10.05"]
[SourceVersion "1"]
[SourceVersionDate "2022.10.05"]
[SourceQuality "1"]

1. Nh3 b6 2. d4 Nf6 3. Nc3 d5 4. g3 Bb7 5. Bg2 Nbd7 6. Bf4 e6 7. Nb5 Rc8 8. Nxa7 Ra8 9. Nb5 Rc8 10. 0-0 Be7 11. c4 0-0 12. Rc1 Ba6 13. Na7 dxc4 14. Nxc8 Qxc8 15. Re1 Bb4 16. Bd2 Be7 17. e4 e5 18. Bc3 exd4 19. Bxd4 Nc5 20. Bxc5 Bxc5 21. Qa4 b5 22. Qc2 Nd7 23. Nf4 Ne5 24. Rcd1 Ng4 25. Rf1 b4 26. h3 Ne5 27. Rd5 Bd6 28. Rfd1 Bb7 29. R5d2 g5 30. Nd5 Qe6 31. Ne3 Ba6 32. Rd5 Bb7 33. Nxc4 Bxd5 34. Rxd5 Nxc4 35. Qxc4 h6 36. Qd3 Be5 37. b3 f5 38. exf5 Rxf5 39. Rd8+ Rf8 40. Bd5 1-0

[Event "Sardegna Region-ch"]
[Site "Sardara"]
[Date "2011.05.22"]
[Round "3"]
[White "Dessy, Eugenio"]
[Black "Corona, Rafaele"]
[Result "1-0"]
[WhiteElo "1679"]
[BlackElo "1437"]
[PlyCount "75"]
[EventDate "2011.05.23"]
[EventType "swiss"]
[EventRounds "8"]
[EventCountry "ITA"]
[SourceTitle "EXT 2023"]
[Source "ChessBase"]
[SourceDate "2022.10.05"]
[SourceVersion "1"]
[SourceVersionDate "2022.10.05"]
[SourceQuality "1"]

1. d4 d5 2. c4 e6 3. Nc3 c6 4. Nf3 Nf6 5. Bg5 Be7 6. e3 0-0 7. Bd3 h6 8. Bh4 Re8 9. 0-0 Nbd7 10. cxd5 exd5 11. Re1 Nf8 12. Nd2 Be6 13. Rc1 Qd7 14. Na4 Rac8 15. Nc5 Bxc5 16. Rxc5 Bf5 17. Bf1 Ng6 18. Bxf6 gxf6 19. Qh5 Kh7 20. f3 b6 21. Rcc1 Rg8 22. Be2 Rg7 23. Nf1 Rcg8 24. Ng3 Be6 25. Bd3 Rh8 26. Nf5 Bxf5 27. Qxf5 Qxf5 28. Bxf5 Rhg8 29. Rxc6 Kh8 30. Rxf6 Kh7 31. Rd6 Kh8 32. Bxg6 Rxg6 33. Rxg6 Rxg6 34. Rc1 Re6 35. Kf2 Kg8 36. b4 Kf8 37. b5 Ke7 38. Rc7+ 1-0

[Event "Sardegna Region-ch"]
[Site "Sardara"]
[Date "2010.04.24"]
[Round "6"]
[White "Dessy, Eugenio"]
[Black "Maldarelli, Lorenzo"]
[Result "0-1"]
[WhiteElo "1661"]
[BlackElo "1800"]
[PlyCount "64"]
[EventDate "2010.04.17"]
[EventType "swiss"]
[EventRounds "8"]
[EventCountry "ITA"]
[SourceTitle "EXT 2024"]
[Source "ChessBase"]
[SourceDate "2023.10.10"]
[SourceVersion "1"]
[SourceVersionDate "2023.10.10"]
[SourceQuality "1"]

1. e4 c5 2. d4 cxd4 3. c3 dxc3 4. Nxc3 Nc6 5. Nf3 d6 6. Bc4 e6 7. 0-0 Nf6 8. Qe2 Be7 9. Rd1 e5 10. h3 0-0 11. b4 Be6 12. Bxe6 fxe6 13. b5 Na5 14. Nxe5 Qc7 15. Ng4 Qxc3 16. Bb2 Qc4 17. Qe1 Nxg4 18. hxg4 Qxb5 19. Rab1 Qa6 20. Qc3 Bf6 21. Qc7 Bxb2 22. Rxb2 Rac8 23. Qd7 d5 24. exd5 Rcd8 25. dxe6 Rxd7 26. exd7 Rd8 27. Rbd2 Nc4 28. Re2 Kf7 29. g5 Nb6 30. Red2 Qb5 31. a4 Qxa4 32. Rd4 Rxd7 0-1

[Event "Laconi Perla del Sarcidano op 3rd"]
[Site "Laconi"]
[Date "2007.08.08"]
[Round "8"]
[White "Dessy, Eugenio"]
[Black "Caredda, Giuseppe"]
[Result "1-0"]
[WhiteElo "1602"]
[BlackElo "1451"]
[PlyCount "59"]
[EventDate "2007.08.04"]
[EventType "swiss"]
[EventRounds "9"]
[EventCountry "ITA"]
[SourceTitle "EXT 2010"]
[Source "ChessBase"]
[SourceDate "2010.11.25"]
[SourceVersion "1"]
[SourceVersionDate "2010.11.25"]
[SourceQuality "1"]

1. Nf3 Nf6 2. g3 b6 3. Bg2 Bb7 4. 0-0 c5 5. c4 Nc6 6. d3 e6 7. b3 Be7 8. Bb2 Qc7 9. Nbd2 0-0 10. Rc1 Rad8 11. a3 a5 12. e3 d6 13. Rc2 Rd7 14. Qa1 Na7 15. Rfc1 Rfd8 16. Ne4 Bxe4 17. dxe4 e5 18. Bh3 Nxe4 19. Bxd7 Qxd7 20. Rd1 Qf5 21. Ne1 Ng5 22. Qb1 Qe4 23. Rcd2 Nh3+ 24. Kf1 Qh1+ 25. Ke2 Ng1+ 26. Kd3 e4+ 27. Kc2 Qxh2 28. Kc1 Nc6 29. Qxe4 Rc8 30. Qg4 1-0

[Event "Laconi Perla del Sarcidano op 3rd"]
[Site "Laconi"]
[Date "2007.08.06"]
[Round "4"]
[White "Figus, Maurizio"]
[Black "Dessy, Eugenio"]
[Result "1-0"]
[WhiteElo "1908"]
[BlackElo "1602"]
[PlyCount "40"]
[EventDate "2007.08.04"]
[EventType "swiss"]
[EventRounds "9"]
[EventCountry "ITA"]
[SourceTitle "EXT 2010"]
[Source "ChessBase"]
[SourceDate "2010.11.25"]
[SourceVersion "1"]
[SourceVersionDate "2010.11.25"]
[SourceQuality "1"]

1. d4 Nf6 2. c4 g6 3. Nc3 Bg7 4. e4 d6 5. f3 0-0 6. Be3 c5 7. d5 a6 8. Nge2 Ne8 9. Ng3 f5 10. exf5 Bxf5 11. Bd3 Bxd3 12. Qxd3 Nd7 13. f4 Nc7 14. 0-0 Rb8 15. a4 a5 16. Rae1 Na6 17. b3 Nb4 18. Qd2 Qb6 19. Nce4 Rbe8 20. Ng5 Rf7 1-0

[Event "Laconi Perla del Sarcidano op 3rd"]
[Site "Laconi"]
[Date "2007.08.04"]
[Round "1"]
[White "Dessy, Eugenio"]
[Black "Locci, Damiano"]
[Result "0-1"]
[WhiteElo "1602"]
[BlackElo "2025"]
[PlyCount "56"]
[EventDate "2007.08.04"]
[EventType "swiss"]
[EventRounds "9"]
[EventCountry "ITA"]
[SourceTitle "EXT 2010"]
[Source "ChessBase"]
[SourceDate "2010.11.25"]
[SourceVersion "1"]
[SourceVersionDate "2010.11.25"]
[SourceQuality "1"]

1. e4 e5 2. Nf3 Nc6 3. Bb5 a6 4. Ba4 d6 5. 0-0 Bd7 6. c3 Nge7 7. d4 Ng6 8. Bg5 Be7 9. Bxe7 Qxe7 10. Nbd2 0-0 11. d5 Nb8 12. Bc2 Nf4 13. Re1 Bg4 14. Nf1 Qf6 15. Ng3 h5 16. Nf5 g6 17. Nh6+ Kg7 18. Nxg4 hxg4 19. Nd2 Qh4 20. Re3 Rh8 21. Nf1 Nd7 22. Rg3 Nf6 23. f3 N4h5 24. Rxg4 Nxg4 25. fxg4 Nf4 26. Qf3 Rh7 27. h3 Qf6 28. Rd1 Nxh3+ 0-1

[Event "Perla del Sarcidano op 2nd"]
[Site "Laconi"]
[Date "2006.08.10"]
[Round "9"]
[White "Dessy, Eugenio"]
[Black "Setzu, Francesco"]
[Result "1-0"]
[WhiteElo "1488"]
[BlackElo "1610"]
[PlyCount "113"]
[EventDate "2006.08.05"]
[EventType "swiss"]
[EventRounds "4"]
[EventCountry "ITA"]
[SourceTitle "EXT 2024"]
[Source "ChessBase"]
[SourceDate "2023.10.10"]
[SourceVersion "1"]
[SourceVersionDate "2023.10.10"]
[SourceQuality "1"]

1. e4 c6 2. d4 d5 3. Nc3 dxe4 4. Nxe4 Nd7 5. Bc4 Ngf6 6. Ng3 e6 7. Nf3 c5 8. Qe2 Nb6 9. Bb5+ Bd7 10. Bg5 a6 11. Bxd7+ Nbxd7 12. d5 Be7 13. dxe6 fxe6 14. Qxe6 Qb6 15. Qxb6 Nxb6 16. Nf5 Kf7 17. Nxe7 Kxe7 18. 0-0 Rhe8 19. Be3 Nbd7 20. Rfe1 Kf7 21. Rad1 h6 22. c4 Re6 23. Nh4 Rae8 24. Nf5 Kg8 25. h3 b6 26. Rb1 Ne5 27. b3 Rd8 28. Rbd1 Ree8 29. Bf4 Ned7 30. Rxe8+ Rxe8 31. g4 g5 32. Nxh6+ Kh7 33. Bxg5 Kg6 34. Bxf6 Nxf6 35. Nf5 Re2 36. a4 Rb2 37. Rd3 Ne4 38. Rf3 Nd2 39. Ne7+ Kg7 40. Re3 Nxb3 41. Nd5 Nd4 42. Re7+ Kf8 43. Rb7 Ne2+ 44. Kg2 Nd4 45. Rxb6 Rxb6 46. Nxb6 Ke8 47. Nd5 Kd7 48. f4 a5 49. f5 Nc2 50. Kf3 Na3 51. Ne3 Nb1 52. f6 Ke6 53. g5 Nc3 54. g6 Nxa4 55. f7 Ke7 56. Nd5+ Kf8 57. Nf6 1-0

[Event "Corrado Bitti Memorial 5th"]
[Site "Laconi"]
[Date "2005.08.09"]
[Round "5"]
[White "Caredda, Giuseppe"]
[Black "Dessy, Eugenio"]
[Result "0-1"]
[WhiteElo "1409"]
[BlackElo "1530"]
[PlyCount "108"]
[EventDate "2005.08.06"]
[EventType "swiss"]
[EventRounds "9"]
[EventCountry "ITA"]
[SourceTitle "EXT 2007"]
[Source "ChessBase"]
[SourceDate "2006.11.23"]
[SourceVersion "1"]
[SourceVersionDate "2006.11.23"]
[SourceQuality "1"]

1. d4 Nf6 2. c4 g6 3. Nc3 Bg7 4. e4 d6 5. Nf3 0-0 6. h3 c5 7. d5 Nh5 8. Bd2 f5 9. Bd3 f4 10. Qe2 Na6 11. a3 e6 12. e5 exd5 13. cxd5 dxe5 14. Nxe5 Bxe5 15. Bc4 Bg7 16. 0-0-0 Bf5 17. Be1 Kh8 18. g3 fxg3 19. fxg3 Bh6+ 20. Bd2 Bxd2+ 21. Rxd2 Qd6 22. g4 Ng3 23. Nb5 Nxe2+ 24. Bxe2 Qe5 25. gxf5 Qxf5 26. d6 Rad8 27. Bg4 Qf4 28. Rhd1 Qc4+ 29. Nc3 b5 30. Be2 Qf4 31. Nxb5 Nb8 32. Kb1 a6 33. Nc7 Qf7 34. Bg4 Rxd6 35. Rxd6 Qxc7 36. Be6 Nc6 37. Rd7 Qb6 38. R7d6 Rf2 39. R1d2 Rxd2 40. Rxd2 Nd4 41. Bc4 Nb3 42. Re2 Nd4 43. Re8+ Kg7 44. Ra8 Nb5 45. Ka2 Qb7 46. Re8 Nd6 47. Rg8+ Kh6 48. Be6 c4 49. Ka1 Qe4 50. Bg4 Qe1+ 51. Ka2 c3 52. bxc3 Qxc3 53. Rb8 Nc4 54. Rb3 Qc2+ 0-1